<?xml version="1.0" encoding="UTF-8"?>
<collection xmlns="http://www.loc.gov/MARC21/slim">
 <record>
  <leader>00564nam a2200193   4500</leader>
  <controlfield tag="001">000004537</controlfield>
  <controlfield tag="003">676</controlfield>
  <controlfield tag="005">20150812140807.0</controlfield>
  <controlfield tag="008">110721s                               sd</controlfield>
  <datafield tag="245" ind1="0" ind2="0">
   <subfield code="a">Nghìn lẻ một ngày</subfield>
   <subfield code="b">Truyện dân gian A-Rập</subfield>
  </datafield>
  <datafield tag="774" ind1=" " ind2=" ">
   <subfield code="d">Phú Khánh</subfield>
   <subfield code="d">Nxb. Phú Khánh</subfield>
   <subfield code="d">1986</subfield>
   <subfield code="g">T. 1</subfield>
   <subfield code="h">195 tr</subfield>
   <subfield code="n">Theo nguyên bản tiếng Pháp</subfield>
   <subfield code="w">677</subfield>
  </datafield>
  <datafield tag="OWN" ind1=" " ind2=" ">
   <subfield code="a">LSP</subfield>
  </datafield>
  <datafield tag="999" ind1=" " ind2=" ">
   <subfield code="a">From the UDN01</subfield>
  </datafield>
  <datafield tag="TYP" ind1=" " ind2=" ">
   <subfield code="a">Monograph</subfield>
  </datafield>
  <datafield tag="TYP" ind1=" " ind2=" ">
   <subfield code="a">Printed language</subfield>
  </datafield>
  <datafield tag="980" ind1=" " ind2=" ">
   <subfield code="a">Mạng thư viện Đại học Đà Nẵng</subfield>
  </datafield>
 </record>
</collection>
